[Event "Istanbul op-B"]
[Site "Istanbul"]
[Date "2018.09.06"]
[Round "7"]
[White "Gezici, Omer Ata"]
[Black "Pektas, Gokdeniz"]
[Result "1-0"]
[WhiteElo "1736"]
[BlackElo "1602"]
[PlyCount "103"]
[EventDate "2018.09.02"]
[EventType "swiss"]
[EventRounds "9"]
[EventCountry "TUR"]
[SourceTitle "CBM 186 Extra"]
[Source "ChessBase"]
[SourceDate "2018.08.24"]
[SourceVersion "1"]
[SourceVersionDate "2018.08.24"]
[SourceQuality "1"]

1. e4 c5 2. Nf3 Nc6 3. Bb5 g6 4. Bxc6 dxc6 5. d3 Bg4 6. Nbd2 Bg7 7. h3 Bxf3 8. Nxf3 Nf6 9. Be3 Nd7 10. c3 e5 11. Qd2 Qe7 12. 0-0 0-0 13. Rfe1 Rad8 14. Rad1 Rfe8 15. Qc2 Nf8 16. Qa4 Ne6 17. Qxa7 Ra8 18. Qb6 Rxa2 19. d4 cxd4 20. cxd4 exd4 21. Nxd4 Ra6 22. Nxc6 Rxb6 23. Nxe7+ Rxe7 24. Bxb6 Bxb2 25. Re2 Be5 26. g3 g5 27. Rd5 Bc7 28. Rb2 h6 29. Bxc7 Rxc7 30. Rdb5 Nd8 31. Kg2 Kg7 32. Kf3 Rc3+ 33. Ke2 Rc7 34. Ke3 Kg8 35. Kd4 Kg7 36. Kd5 Rd7+ 37. Kc5 Rd1 38. Rb1 Rd2 39. R5b2 Ne6+ 40. Kb6 Rd4 41. Re2 Kg6 42. Kb5 h5 43. Kb6 h4 44. gxh4 gxh4 45. Re3 Rd2 46. Rf3 Ng5 47. Rg1 Rb2+ 48. Kc7 f6 49. Rf5 Rb4 50. Rg4 Kh6 51. Rxf6+ Kh5 52. Rf5 1-0

[Event "Istanbul op-B"]
[Site "Istanbul"]
[Date "2018.09.05"]
[Round "6"]
[White "Pektas, Gokdeniz"]
[Black "Ersoy, Emre"]
[Result "1-0"]
[WhiteElo "1602"]
[BlackElo "1557"]
[PlyCount "101"]
[EventDate "2018.09.02"]
[EventType "swiss"]
[EventRounds "9"]
[EventCountry "TUR"]
[SourceTitle "CBM 186 Extra"]
[Source "ChessBase"]
[SourceDate "2018.08.24"]
[SourceVersion "1"]
[SourceVersionDate "2018.08.24"]
[SourceQuality "1"]

1. d4 e6 2. c4 Nf6 3. Nc3 Bb4 4. Qc2 c5 5. dxc5 Nc6 6. Nf3 0-0 7. Bf4 Bxc5 8. a3 a6 9. Rd1 h6 10. b4 Be7 11. e4 a5 12. b5 Nb8 13. Bc1 Qc7 14. e5 Ne8 15. Bd3 d6 16. exd6 Bxd6 17. Ne4 Be7 18. 0-0 b6 19. Bb2 Bb7 20. Be5 Qc8 21. a4 Nd7 22. Bg3 f5 23. Ned2 f4 24. Nb1 fxg3 25. Bh7+ Kh8 26. Rxd7 gxh2+ 27. Kh1 Qxd7 28. Ne5 Qc7 29. Ng6+ Kxh7 30. Nxf8+ Kg8 31. Nxe6 Qe5 32. Qg6 Qf6 33. Qxf6 Bxf6 34. Kxh2 Nd6 35. c5 bxc5 36. Nxc5 Be4 37. Nd2 Bg6 38. Ndb3 Bc3 39. Rd1 Ne4 40. Nxe4 Bxe4 41. Nc5 Bg6 42. b6 Be5+ 43. f4 Bxf4+ 44. g3 Be3 45. Nd7 Rd8 46. Nf6+ gxf6 47. Rxd8+ Kf7 48. b7 Ba7 49. Ra8 Be4 50. Rxa7 Ke6 51. b8Q 1-0